Data centres: (Record no. 122103)

MARC details
000 -LEADER
fixed length control field 00890nam a22001937a 4500
008 - FIXED-LENGTH DATA ELEMENTS--GENERAL INFORMATION
fixed length control field 250131e20250131xxk|||||o|||| 00| 0 eng d
041 ## - LANGUAGE CODE
Language code of text/sound track or separate title eng
110 ## - MAIN ENTRY--CORPORATE NAME
Corporate author Royal Institution of Chartered Surveyors
245 ## - TITLE STATEMENT
Title Data centres:
Subtitle impacts of the rapid rise of this asset class
260 ## - PUBLICATION INFORMATION
Publisher Royal Institution of Chartered Surveyors,
Date 31 Jan 2025
520 ## - ABSTRACT
Abstract In the first of this two-part series, Tarrant Parsons, RICS head of market analytics, examines the rise of data centres and considers if growth can continue at such a pace given intensive energy requirements.
650 ## - KEYWORDS
Keywords DATA CENTRES
651 ## - SUBJECT ADDED ENTRY--GEOGRAPHIC NAME
Geographic name International
690 ## - BROAD SUBJECT
Broad subject Investments
9 (RLIN) 6250
700 ## - ADDED PERSONAL NAME
Added personal author Parsons, Tarrant
710 ## - ADDED CORPORATE NAME
Added corporate author Royal Institution of Chartered Surveyors
856 ## - ONLINE RESOURCE
Uniform Resource Identifier <a href="https://www.rics.org/news-insights/wbef/data-centres-impacts-rapid-rise-asset-class">https://www.rics.org/news-insights/wbef/data-centres-impacts-rapid-rise-asset-class</a>
Public note Available free on RICS.org
942 ## - ADDED ENTRY ELEMENTS (KOHA)
Suppress in OPAC Do not suppress in OPAC
Holdings
Lost status Damaged status Not for loan Current library Shelving location Date acquired Total Checkouts Date last seen Price effective from Koha item type
      Virtual Online 31/01/2025   31/01/2025 31/01/2025 News article